|
|
|
|
| LEADER |
00000nam2a2200000 4500 |
| 001 |
61099 |
| 005 |
20231031062354.0 |
| 035 |
|
|
|a (RuTPU)RU\TPU\book\64632
|
| 035 |
|
|
|a RU\TPU\book\21432
|
| 090 |
|
|
|a 61099
|
| 100 |
|
|
|a 20040303d1958 k y0rusy50 ca
|
| 101 |
0 |
|
|a rus
|
| 102 |
|
|
|a RU
|
| 105 |
|
|
|a acf z 001zd
|
| 200 |
0 |
|
|a Т. 1. (1724-1803)
|
| 210 |
|
|
|a Москва
|a Ленинград
|c Изд-во АН СССР
|d 1958
|
| 215 |
|
|
|a 484 с.
|c ил.
|
| 320 |
|
|
|a Приложения: с. 429-460
|
| 320 |
|
|
|a Список сокращений: с. 461-462
|
| 320 |
|
|
|a Имен. указ.: с. 463-477
|
| 320 |
|
|
|a Список иллюстраций: с. 478-481.
|
| 320 |
|
|
|a Список действительных членов Академии наук XVIII в.: с. 453-460.
|
| 461 |
|
1 |
|0 (RuTPU)RU\TPU\book\21432
|t История Академии наук СССР
|o В 3-х т.
|f Академия наук СССР (АН СССР), Институт истории естествознания и техники (ИИЕТ АН СССР) ; гл. ред. академик К. В. Островитянов
|v Т.1 (1724-1803)
|d 1958
|
| 610 |
1 |
|
|a наука
|a просвещение
|a Россия
|a история
|a 18 век
|a 19 век
|a Академия наук
|a научная деятельность
|a учебная деятельность
|a общественные науки
|a библиотеки
|a кунсткамера
|a инструментальные мастерские
|
| 675 |
|
|
|a 001.1
|v 3
|
| 686 |
|
|
|a Ч213(2)
|v LBC/SL-A
|2 rubbk
|
| 801 |
|
0 |
|a RU
|b 63413507
|c 20011209
|g PSBO
|
| 801 |
|
2 |
|a RU
|b 63413507
|c 20180426
|g PSBO
|
| 942 |
|
|
|c BK
|